00675nam a22002057a 450000500170000000800410001702000180005804100080007608200150008424500260009926000520012530000310017750500530020850500490026150500530031065000300036365000170039365000440041065000150045420200104041626.0140707b2011 stk||||| |||| 00| 0 eng d a9781906129774 aeng04a635bR134l14aThe living collection aEdinburgobRoyal Botanic Garden Edinburgcc2011 a240 p.bfot. (col)c27 cm. aI. The history of the living collection (pag 27) aII. Curating the livinf collection (pag 117) aIII. Using and enjoying the collection (pag 175) 6aHorticulturavcatálogos 6aJardinería 6aSistemas de información en botánica 6aBotánica